LEADER 01018nam a2200253 i 4500 001 000000176265 003 CaOOAMICUS 005 20081205000000.0 008 081205s1978 it u000 u ita u 013 $a153751 040 $aSeMil$bita 100 1 $aPederiali, Giuseppe <1937-2013>.$0(OLS)http://semarc/name/41602 245 13$aLe città del diluvio :$bin un romanzo di fantasia eroica la mitica Italia barbarica /$cGiuseppe Pederiali. 260 $aMilano :$bRusconi,$c1978. 300 $a234 p. ;$c21 cm. 490 0 $aPlaybook 500 $aDono del card. Giovanni Colombo. 830 0$aPlaybook.$0(OLS)http://semarc/title/25077 850 $aSeMil 852 $aSeMil$W1$xVenegono$y1$m1B III 277$j243807$B127087$CSeMilBibl$Z2$F139598 $81 941 1 $a3 961 $aLascito: Colombo Card. Giovanni 996 $6245$aLe città del diluvio :$bin un romanzo di fantasia eroica la mitica Italia barbarica$9(OLS)http://semarc/title/252936 996 $6260$aMilano :$bRusconi$9(OLS)http://semarc/publisher/30258 LEADER 00745nam a2200193 i 4500 001 000000063069 003 CaOOAMICUS 005 19980720000000.0 008 980720n xx u000 u fre u 013 $a34241 040 $aSeMil$bita 100 1 $aBarth, Karl ,$d<1886-1968>.$0(OLS)http://semarc/name/587 245 10$aEntretiens a Rome après le Concile. 650 4$aEcumenismo.$0(OLS)http://semarc/subject/3071 700 1 $aAllmen, Jean-Jacques : von,$d<1917-1994>.$0(OLS)http://semarc/name/279 700 1 $aJeggé, J.$0(OLS)http://semarc/name/31891 850 $aSeMil 852 $aSeMil$W1$xVenegono$y1$m2M III 305$j29222$B29222$CSeMilBibl$Z2$F29225 $81 996 $6245$aEntretiens a Rome après le Concile$9(OLS)http://semarc/title/99406